[Event "Mexican op 56th"]
[Site "Monterrey"]
[Date "2010.04.01"]
[Round "3"]
[White "Onischuk, Alexander"]
[Black "Gutierrez, Fabian"]
[Result "1-0"]
[WhiteElo "2687"]
[BlackElo "2297"]
[PlyCount "77"]
[EventDate "2010.03.30"]
[EventType "swiss"]
[EventRounds "9"]
[EventCountry "MEX"]
[SourceTitle "CBM 135 Extra"]
[Source "ChessBase"]
[SourceDate "2010.05.04"]
[SourceVersion "1"]
[SourceVersionDate "2010.05.04"]
[SourceQuality "1"]

1. d4 d5 2. c4 e6 3. Nc3 Nf6 4. cxd5 exd5 5. Bg5 Be7 6. e3 0-0 7. Bd3 Nbd7 8. Nge2 Re8 9. 0-0 Nf8 10. Qc2 c6 11. f3 Nh5 12. Bxe7 Qxe7 13. e4 dxe4 14. fxe4 Be6 15. Rf2 Rad8 16. Raf1 Ng6 17. e5 Qg5 18. Ne4 Qe3 19. Nd6 Rxd6 20. exd6 Nf6 21. Bf5 Nh4 22. Bxe6 Qxe6 23. Ng3 Qxd6 24. Qc5 Qxc5 25. dxc5 Re5 26. Rf4 Ng6 27. Ra4 a6 28. Rb4 h5 29. Rxb7 Rxc5 30. Nf5 Ne5 31. Nh6+ Kh7 32. Nxf7 Neg4 33. Nd8 Rc2 34. h3 Ne3 35. Rxf6 Rxg2+ 36. Kh1 Rd2 37. Ne6 Rd1+ 38. Kh2 Rd2+ 39. Kg1 1-0

[Event "Carlos Torre Memorial op 21st"]
[Site "Merida"]
[Date "2008.12.16"]
[Round "6"]
[White "Gutierrez, Fabian"]
[Black "Hung, Daniel"]
[Result "1-0"]
[WhiteElo "2308"]
[BlackElo "2165"]
[PlyCount "109"]
[EventDate "2008.12.13"]
[EventType "swiss"]
[EventRounds "9"]
[EventCountry "MEX"]
[SourceTitle "CBM 127 Extra"]
[Source "ChessBase"]
[SourceDate "2009.01.08"]
[SourceVersion "2"]
[SourceVersionDate "2009.01.28"]
[SourceQuality "1"]

1. d4 Nc6 2. d5 Ne5 3. e4 e6 4. Nc3 Bc5 5. Be2 d6 6. Na4 Qh4 7. Nxc5 dxc5 8. Nf3 Qxe4 9. 0-0 Nf6 10. Nxe5 Qxe5 11. Bb5+ c6 12. dxc6 0-0 13. Qf3 Qc7 14. Bg5 Nd5 15. c4 bxc6 16. Ba4 Ne7 17. Qa3 Bb7 18. Qxc5 f6 19. Bd2 Nf5 20. Bc2 Qd6 21. Bb4 Qxc5 22. Bxc5 Rfd8 23. Rad1 Kf7 24. f3 Ba6 25. b3 g6 26. Rxd8 Rxd8 27. Bxa7 Rd2 28. Rf2 Rxf2 29. Kxf2 e5 30. Be4 Bb7 31. Bc5 Ng7 32. b4 Ke8 33. g4 Kd7 34. a4 Ne6 35. Be3 Kc7 36. b5 c5 37. Bxb7 Kxb7 38. a5 Nd4 39. Bh6 Ne6 40. Ke2 f5 41. gxf5 gxf5 42. Bd2 Ka7 43. Ke3 Kb7 44. Bc3 Nd4 45. Bb2 Nc2+ 46. Kf2 Nd4 47. Kg3 Kc7 48. Ba3 Nb3 49. a6 Kb6 50. Kf2 Kc7 51. Ke3 Na5 52. Kd3 e4+ 53. fxe4 fxe4+ 54. Kxe4 Nb3 55. Kd5 1-0

[Event "Carlos Torre Memorial op 21st"]
[Site "Merida"]
[Date "2008.12.14"]
[Round "2"]
[White "Gutierrez, Fabian"]
[Black "Mitkov, Nikola"]
[Result "0-1"]
[WhiteElo "2308"]
[BlackElo "2556"]
[PlyCount "96"]
[EventDate "2008.12.13"]
[EventType "swiss"]
[EventRounds "9"]
[EventCountry "MEX"]
[SourceTitle "CBM 127 Extra"]
[Source "ChessBase"]
[SourceDate "2009.01.08"]
[SourceVersion "2"]
[SourceVersionDate "2009.01.28"]
[SourceQuality "1"]

1. d4 Nf6 2. c4 e6 3. Nf3 d5 4. Nc3 Bb4 5. Bg5 h6 6. Bh4 dxc4 7. Qa4+ Nc6 8. a3 Bxc3+ 9. bxc3 Qd5 10. Bxf6 gxf6 11. g3 Bd7 12. Qc2 e5 13. Bg2 exd4 14. 0-0 d3 15. Qd2 Qd6 16. exd3 cxd3 17. Rab1 Kf8 18. Rxb7 Re8 19. Rd1 Bf5 20. Nh4 Bg4 21. Bf3 Bc8 22. Bxc6 Qxc6 23. Rb8 Bb7 24. Rxe8+ Kxe8 25. Qe3+ Kd8 26. Qxd3+ Kc8 27. f3 Re8 28. Qd4 Kb8 29. Kf2 Qe6 30. Qd2 a6 31. Re1 Qb6+ 32. Kg2 Rxe1 33. Qxe1 Qb2+ 34. Kg1 Qxa3 35. Qe8+ Bc8 36. Qxf7 Qxc3 37. Ng2 Qxf3 38. Nf4 Qe3+ 39. Kf1 Qc1+ 40. Kf2 Qc5+ 41. Kf1 Qc1+ 42. Kf2 Qb2+ 43. Kg1 a5 44. Nd5 Qc1+ 45. Kf2 Qc5+ 46. Ne3 Qd4 47. Qf8 a4 48. Qa3 c5 0-1

[Event "Havana Fernandez Memorial 2nd Torre"]
[Site "Havana"]
[Date "2007.04.07"]
[Round "4"]
[White "Martinez Duany, Lelys Stanley"]
[Black "Gutierrez, Fabian"]
[Result "1-0"]
[WhiteElo "2400"]
[BlackElo "2348"]
[PlyCount "106"]
[EventDate "2007.04.04"]
[EventType "tourn"]
[EventRounds "10"]
[EventCountry "CUB"]
[EventCategory "5"]
[SourceTitle "EXT 2019"]
[Source "ChessBase"]
[SourceDate "2018.10.10"]
[SourceVersion "1"]
[SourceVersionDate "2018.10.10"]
[SourceQuality "1"]

1. e4 e5 2. Nf3 Nc6 3. Bb5 a6 4. Ba4 Nf6 5. 0-0 Be7 6. Re1 b5 7. Bb3 d6 8. c3 0-0 9. h3 Na5 10. Bc2 c5 11. d4 Qc7 12. Nbd2 cxd4 13. cxd4 Nc6 14. Nb3 a5 15. Be3 a4 16. Nbd2 Bd7 17. a3 Rfe8 18. Bd3 Qb7 19. Qe2 Rab8 20. dxe5 dxe5 21. b4 Nh5 22. Rac1 g6 23. Nb1 Bd6 24. Nc3 Nd4 25. Nxd4 exd4 26. Bxd4 Nf4 27. Qf3 Bc6 28. Bb1 Rbd8 29. Be3 Qb8 30. Nxa4 Ba8 31. Nc5 Be5 32. Rcd1 Bc6 33. Ba2 Rxd1 34. Rxd1 Re7 35. h4 Kg7 36. g3 Nh5 37. Bg5 f6 38. Bc1 Qc8 39. Be6 Qe8 40. Bg4 f5 41. Bxh5 fxe4 42. Qe3 gxh5 43. Qh6+ Kg8 44. Bg5 Bg7 45. Qd6 Rf7 46. Qd8 Qxd8 47. Rxd8+ Rf8 48. Rd6 Rc8 49. Re6 Bd5 50. Re7 Ra8 51. Bc1 Rd8 52. Bf4 Bf8 53. Rc7 Bg7 1-0

[Event "Havana Fernandez Memorial 2nd Torre"]
[Site "Havana"]
[Date "2007.04.06"]
[Round "3"]
[White "Gutierrez, Fabian"]
[Black "Fernandez Cardoso, Alexey"]
[Result "0-1"]
[WhiteElo "2348"]
[BlackElo "2414"]
[PlyCount "142"]
[EventDate "2007.04.04"]
[EventType "tourn"]
[EventRounds "10"]
[EventCountry "CUB"]
[EventCategory "5"]
[SourceTitle "EXT 2019"]
[Source "ChessBase"]
[SourceDate "2018.10.10"]
[SourceVersion "1"]
[SourceVersionDate "2018.10.10"]
[SourceQuality "1"]

1. d4 d5 2. Nf3 Nf6 3. c4 c6 4. Nc3 e6 5. e3 Nbd7 6. Qc2 Bd6 7. e4 dxe4 8. Nxe4 Nxe4 9. Qxe4 c5 10. Bg5 Nf6 11. Qc2 cxd4 12. 0-0-0 e5 13. Nxe5 Bxe5 14. Re1 Qa5 15. Bd2 Qc7 16. f4 0-0 17. fxe5 Ng4 18. Qe4 Re8 19. Qxd4 Nxe5 20. Bf4 f6 21. Bxe5 fxe5 22. Qd5+ Be6 23. Qxe5 Qf7 24. Qc3 b5 25. Bd3 Bxc4 26. Bxc4 bxc4 27. Rhf1 Rxe1+ 28. Qxe1 Qg6 29. Qg3 Qe6 30. Re1 Qd7 31. Qe5 Kh8 32. Qe7 Qc8 33. Qf7 c3 34. b3 Qd8 35. Qf4 h6 36. Rd1 Qe7 37. Qf2 a5 38. Re1 Qa3+ 39. Kb1 a4 40. Qc2 axb3 41. Qxb3 Qc5 42. Rc1 Rc8 43. a3 Qe5 44. Ka2 Qxh2 45. Rc2 Qe5 46. a4 Qd4 47. Qb5 Rc5 48. Qb3 Rc4 49. Ka3 Kh7 50. g3 Rc8 51. Qb4 Qd3 52. Kb3 Qd5+ 53. Ka3 Rc4 54. Qb5 Rc5 55. Qb4 Qe5 56. Qf4 Qxf4 57. gxf4 Rc4 58. f5 h5 59. Kb3 Rf4 60. Rxc3 Rxf5 61. Kb4 h4 62. a5 g5 63. a6 Rf8 64. Kc5 Kh6 65. Kd5 g4 66. Ke4 h3 67. a7 h2 68. Rc1 Kg5 69. Ke3 Kh4 70. Ra1 Kg3 71. Rf1 Re8+ 0-1